000 005300000a22001810004500
003 MACL
005 20160225164926.0
008 160225b xxu||||| |||| 00| 0 eng d
040 _aMACL
_cMACL
041 _aHindi
082 _a800
100 _aहरिभाउ उपाध्‍याय
_940522
245 _aयुग धर्म
260 _bसत्‍साहित्‍य प्रकाशन
_c1958
_aनई दिल्‍ली
350 _a2
650 _aLiteracture
_939932
942 _cHIN
_k800
_2ddc
999 _c24658
_d24658